Vybrané metody čislicového zpracování signálů

Guardado en:
Detalles Bibliográficos
Autores principales: Sovka, Pavel (Autor), Pollák, Petr (Autor)
Formato: Libro
Lenguaje:checo
Publicado: Praha : České vysoké učení technické v Praze, 2001
Materias:
Etiquetas: Agregar Etiqueta
Sin Etiquetas, Sea el primero en etiquetar este registro!

MARC

LEADER 00000nam a22000003a 4500
001 stu76392
005 20150617225645.0
008 020701s2001----xr------------------cze-d
020 |a 80-01-02416-4 
040 |a STU  |b slo 
041 0 |a cze 
044 |a xr 
080 |a 621.391.8 
080 |a 681.322 
080 |a 519.7 
084 |a B1265  |2 INS 
084 |a B1295  |2 INS 
084 |a C1230  |2 INS 
084 |a C1260  |2 INS  |7 stu_us_auth*stu7143 
084 |a C5270  |2 INS 
084 |a C5290  |2 INS 
084 |a B6140  |2 INS 
100 1 |a Sovka, Pavel  |4 aut 
245 1 |a Vybrané metody čislicového zpracování signálů 
260 |a Praha :  |b České vysoké učení technické v Praze,  |c 2001 
300 |a 206 s 
650 7 |a číslicové spracovanie signálov  |2 stusub 
650 7 |a FIR filtre  |2 stusub 
650 7 |a Fourierova transformácia  |2 stusub 
700 1 |a Pollák, Petr  |4 aut 
996 |b 284EK84640  |c E*84640  |l EE16  |s P  |a 0  |w stu76392_0001 
996 |b 284EK84538  |c E*84538  |l EE01  |s A  |a 24  |w stu76392_0002